000
00342nam a2200145Ia 4500
008
150201s2011 xx 000 0 und d
082
_a
611
_b
H11S
100
_a
SINGH, INDERBIR
245
_a
TB. OF HUMAN HISTOLOGY
250
_a
6th Ed.
260
_b
JAYPEE
_a
DELHI
_c
2011
300
_a
1-386
650
_a
HUMAN ANATOMY
942
_2
ddc
_c
BK
_0
4
999
_c
1255
_d
1255